LEADER 00908nlm 2200289 a 450 001 996472369403316 005 20220527072442.0 100 $a19880719d1985---- uy 0 101 0 $ager 102 $aUS 135 $adrcnu 200 1 $aFrauen in altsumerischer Zeit$fby Julia M. Asher-Greve 210 1 $aMalibu$cUndena$d1985 215 $aTesto elettronico (PDF) (XXII, 223 p., [32] carte di tav. : ill.) 225 2 $aBibliotheca Mesopotamica ;$vv. 18 230 $aBase dati testuale 410 0$aACLS Humanities E-Book. 606 0 $aDonne$xCondizioni socioeconomiche$yMesopotamia$z3500-2350 a. C.$xFonti$2BNCF 676 $a935.01 700 1$aASHER-GREVE,$bJulia M.$0647322 712 02$aAmerican Council of Learned Societies. 801 0$aIT$bcba$cREICAT 912 $a996472369403316 959 $aEB 969 $aER 996 $aFrauen in altsumerischer zeit$91153869 997 $aUNISA LEADER 01322nam a2200313 i 4500 001 991002248359707536 005 20020507161747.0 008 000510s1997 it ||| | ita 020 $a8881143453 035 $ab11629757-39ule_inst 035 $aLE02733257$9ExL 040 $aDip.to Studi Giuridici$bita 082 0 $a342.45085 084 $aAM-XV/A 111 2 $aConvegno nazionale di studi regionali $n<7. ;$d1995 ;$cGenova>$0423980 245 10$aRegioni e difesa dei diritti delle persone :$batti del 7. Convegno nazionale di studi regionali :$b17-18 febbraio 1995 /$c[organizzato da] Consiglio regionale della Liguria ; [relazioni di] A. Pizzorusso ... [et al.] 260 $aNapoli [etc.] :$bEdizioni scientifiche italiane,$c[1997] 300 $a271 p. ;$c24 cm. 500 $aTenuto a Genova 650 4$aDifensore civico$xCongressi 650 4$aDiritti della persona$xTutela$xCongressi 700 1 $aPizzorusso, Alessandro 710 2 $aLiguria :$bConsiglio regionale 907 $a.b11629757$b21-09-06$c02-07-02 912 $a991002248359707536 945 $aLE027 AM-XV/A 17$g1$iLE027-3195$lle027$o-$pE0.00$q-$rl$s- $t0$u0$v0$w0$x0$y.i11848637$z02-07-02 996 $aRegioni e difesa dei diritti delle persone$9690594 997 $aUNISALENTO 998 $ale027$b01-01-00$cm$da $e-$fita$git $h0$i1